000 00572nam a2200181Ia 4500
999 _c8113
_d8113
003 OSt
005 20200116120515.0
008 190216s9999||||xx |||||||||||||| ||und||
020 _a9780230330467
040 _coclc
082 _a658.15
_bINI/B
100 _aIndian Institute Of Banking And Finance
_91155
245 0 _aBank Financial Management /
_cIndian Institute Of Banking And Finance
260 _bMacmillan Education,
_c2015.
_aChennai:
300 _a486p
650 _xFinancial Management
942 _cBK
_2ddc
_h658.15
_iINI/B
_k658.15
_mINI/B